|
|
|
|
| LEADER |
01450nab#a2200385#ar4500 |
| 001 |
000072579 |
| 003 |
SVKKK |
| 005 |
20021112xxxxxxx. |
| 008 |
06 c xo huno |
| FMT |
|
|
|
| 038 |
|
|
|a SVKKK
|
| 040 |
|
|
|a SVKKK
|b slo
|e AACR2
|
| 041 |
0 |
|
|a hun
|
| 044 |
|
|
|a xo
|c SK
|
| 080 |
|
|
|a 281.94
|
| 080 |
|
|
|a 37
|
| 100 |
1 |
|
|a Berecz, Otakar
|4 aut
|
| 242 |
1 |
0 |
|a Odpoveď na článok pána Lea Petrásovszkeho "Ozvena na najlepšiu nôtu"
|
| 245 |
1 |
0 |
|a Válasz Petrasovszky Leo úrnak "Viszhang a legjob nóta" ra czimu czikkére
|c Otakar Berecz
|
| 500 |
|
|
|a Ottó
|
| 500 |
|
|
|a mikrofilm
|
| 520 |
2 |
|
|a Pokračovanie polemiky okolo rušenia cirkevných škôl a nastolovania štátnych škôl na stránkach humenského týždenníka Homonna és Vidéke, ktorú začal gréckokatolícky dekan-farár Leo Petrasovszky. Článok datovaný v Milhosti 30. januára 1903.
|
| 650 |
0 |
4 |
|a školstvo cirkevné - školstvo štátne - jazyk vyučovací (maďarský) - Milhosť (KS) - 30.01.1903 - polemiky
|
| 773 |
0 |
|
|t Homonna és Vidéke : Vegyes tartalmu társadalmi, közművelődési, szépirodalmi és közgazdasági hetilap
|g Roč. 3, č. 6 (05.02.1903) s. 1 a 2
|
| 957 |
|
|
|a Humenné
|
| 957 |
|
|
|a Miglécz pozri Milhosť
|
| 957 |
|
|
|a Milhosť
|
| 957 |
|
|
|a Milhosť pozri Hraničná pri Hornáde
|
| 958 |
|
|
|a CI
|
| 958 |
|
|
|a DG
|
| 958 |
|
|
|a SK
|
| 974 |
|
|
|a Ba
|d 20021112
|
| 992 |
|
|
|a RBX
|
| BAS |
|
|
|
| 998 |
|
|
|a RETRO
|